书目信息 |
| 题名: |
古地磁学-基础、原理、方法、成果与应用
|
|
| 作者: | 朱岗崑 编著 | |
| 分册: | ||
| 出版信息: | 北京 科学出版社 2005.80 |
|
| 页数: | ||
| 开本: | 16开 | |
| 丛书名: | ||
| 单 册: | ||
| 中图分类: | P318.4 | |
| 科图分类: | ||
| 主题词: | 岩石--物理学 , 固体地球物理学 | |
| 电子资源: | ||
| ISBN: | 7-03-015317-0 | |
| 000 | 00609nam0 2200193 450 | |
| 001 | 0736196517 | |
| 005 | 20070924100316.51 | |
| 010 | @a7-03-015317-0@d¥48.00 | |
| 100 | @a20070924d km y0chiy0120 ea | |
| 101 | 0 | @achi |
| 200 | 1 | @a古地磁学-基础、原理、方法、成果与应用@Agu di ci xue-ji chu、yuan li、fang fa、cheng guo yu ying yong@f朱岗崑 编著@Fzhu gang kun bian zhu |
| 210 | @a北京@c科学出版社@d2005.80 | |
| 215 | @d16开 | |
| 606 | 0 | @a岩石@x物理学 |
| 606 | 0 | @a固体地球物理学 |
| 690 | @aP318.4@v3 | |
| 701 | 0 | @a朱岗崑@Azhu gang kun@4编著 |
| 801 | 0 | @aCN@bPFT@c20070924 |
| 905 | @a213230@dP318.4@eZY6@f1 | |
| 古地磁学-基础、原理、方法、成果与应用/朱岗崑 编著.-北京:科学出版社,2005.80 |
| 16开 |
| ISBN 7-03-015317-0:¥48.00 |
| ● |
| 相关链接 |
|
|
|
|
正题名:古地磁学-基础、原理、方法、成果与应用
索取号:P318.4/ZY6
 
预约/预借
| 序号 | 登录号 | 条形码 | 馆藏地/架位号 | 状态 | 备注 |
| 1 | 7902536 | 279025369 | 密集书库-资源管理系/ [索取号:P318.4/ZY6] | 在馆 |